Feedback and control systems (Record no. 179392)

MARC details
000 -LEADER
fixed length control field 00548nam a2200193Ia 4500
005 - DATE AND TIME OF LATEST TRANSACTION
control field 20250219105636.0
008 - FIXED-LENGTH DATA ELEMENTS--GENERAL INFORMATION
fixed length control field 231217s9999 xx 000 0 und d
020 ## - INTERNATIONAL STANDARD BOOK NUMBER
International Standard Book Number 9780070601772
082 ## - DEWEY DECIMAL CLASSIFICATION NUMBER
Classification number 621.3811 DIS1;2 R1
100 ## - MAIN ENTRY--PERSONAL NAME
Personal name Distefano, Joseph J Stubberud, Allen R Williams, Ivan J et al.
245 #0 - TITLE STATEMENT
Title Feedback and control systems
250 ## - EDITION STATEMENT
Edition statement 2nd ed.
260 ## - PUBLICATION, DISTRIBUTION, ETC. (IMPRINT)
Date of publication, distribution, etc. 1990
Name of publisher, distributor, etc. TMH
Place of publication, distribution, etc. New Delhi
300 ## - PHYSICAL DESCRIPTION
Extent 1990
500 ## - GENERAL NOTE
General note Content page available
650 ## - SUBJECT ADDED ENTRY--TOPICAL TERM
Topical term or geographic name as entry element Feedback,control,systems
942 ## - ADDED ENTRY ELEMENTS (KOHA)
Koha item type Books
400 ## - SERIES STATEMENT/ADDED ENTRY--PERSONAL NAME [OBSOLETE, CAN/MARC], [LOCAL, USA]
Personal name Shuams outline series
Holdings
Date last seen Total Checkouts Full call number Accession number Old discount Uniform Resource Identifier Cost, replacement price Price effective from Category Lost status Damaged status Department Withdrawn status bill no. bill date Permanent Location Current Location Shelving location Entry date Vendor Cost, normal purchase price Grants Currency symbol Conversion rate Discount Discount type
26/01/2024   621.3811 DIS1;2 R1 46001 20 digital/contents/46000.pdf 232.00 26/01/2024 Books     Central Library   60 24/11/2008 Central Library Central Library Central Library 06/09/2007 Sai Books 290.00 EE RS 1 58 Rupees
26/01/2024   621.3811 DIS1;3 46002 20 digital/contents/46000.pdf 232.00 26/01/2024 Books     Central Library   60 24/11/2008 Central Library Central Library Central Library 06/09/2007 Sai Books 290.00 EE RS 1 58 Rupees

© For any Suggestions or Query, please contact the library staff @ librarian@pes.edu or Phone: +9180 2672 1983/ 2108.